000 00467nmm a2200169Ia 4500
008 251105s9999||||xx |||||||||||||||||und||
020 _a9788446007975
041 _aspa
100 _aAlvar Ezquerra, Alfredo
245 0 _aLa leyenda negra
264 _a[Madrid, España] :
_bAkal,
_c2017
300 _a48 páginas
490 _aHistoria del mundo
650 _aHistory of Europe: Spain
856 _uhttps://public.digitaliapublishing.com/a/50837
942 _cCF
999 _c82740
_d82740